भारत के राष्ट्रपति / (Record no. 119873)
[ view plain ]
| 000 -LEADER | |
|---|---|
| fixed length control field | 01131nam a22002657a 4500 |
| 005 - DATE AND TIME OF LATEST TRANSACTION | |
| control field | 20170124103149.0 |
| 010 ## - LIBRARY OF CONGRESS CONTROL NUMBER | |
| LC control number | B-175225 |
| 020 ## - INTERNATIONAL STANDARD BOOK NUMBER | |
| Terms of availability | 00.00 |
| 035 ## - SYSTEM CONTROL NUMBER | |
| System control number | B-175225 |
| 037 ## - SOURCE OF ACQUISITION | |
| Source of stock number/acquisition | Cen Lib/Ret |
| 040 ## - CATALOGING SOURCE | |
| Original cataloging agency | DPL |
| Language of cataloging | HN |
| 082 ## - DEWEY DECIMAL CLASSIFICATION NUMBER | |
| Classification number | 920 |
| Item number | मिश्रभ |
| 100 ## - MAIN ENTRY--PERSONAL NAME | |
| Personal name | मिश्र, भगवतीशरण |
| 9 (RLIN) | 87295 |
| 245 ## - TITLE STATEMENT | |
| Title | भारत के राष्ट्रपति / |
| Statement of responsibility, etc | भगवतीशरण मिश्र |
| 246 ## - VARYING FORM OF TITLE | |
| Title proper/short title | Bharat ke rashtrapati ./ |
| Remainder of title | by Bhagvatisharan Mishra |
| 260 ## - PUBLICATION, DISTRIBUTION, ETC. (IMPRINT) | |
| Place of publication, distribution, etc | दिल्ली |
| Name of publisher, distributor, etc | राजपाल एंड संस |
| 270 ## - ADDRESS | |
| Address | कश्मीरी गेट |
| City | दिल्ली |
| Postal code | 110006 |
| 300 ## - PHYSICAL DESCRIPTION | |
| Extent | 163पृ. |
| Dimensions | 21सेमी (सजिल्द) |
| 500 ## - GENERAL NOTE | |
| General note | सन्दर्भ सूची शामिल |
| 650 ## - SUBJECT ADDED ENTRY--TOPICAL TERM | |
| Topical term or geographic name as entry element | राष्ट्रपति--जीवनी--भारत |
| 9 (RLIN) | 82482 |
| 650 ## - SUBJECT ADDED ENTRY--TOPICAL TERM | |
| Topical term or geographic name as entry element | राजनेता--जीवनी--भारत |
| 9 (RLIN) | 87296 |
| 650 ## - SUBJECT ADDED ENTRY--TOPICAL TERM | |
| Topical term or geographic name as entry element | President--Biography--India |
| 9 (RLIN) | 87297 |
| 650 ## - SUBJECT ADDED ENTRY--TOPICAL TERM | |
| Topical term or geographic name as entry element | Political leaders--Biography--India |
| 9 (RLIN) | 87298 |
| 942 ## - ADDED ENTRY ELEMENTS (KOHA) | |
| Source of classification or shelving scheme | Dewey Decimal Classification |
| Koha item type | Hindi Books |
| Classification part | 920 |
| Call number suffix | मिश्रभ |
| Withdrawn status | Lost status | Damaged status | Not for loan | Home library | Current library | Date acquired | Source of acquisition | Cost, normal purchase price | Total Checkouts | Full call number | Barcode | Date last seen | Copy number | Cost, replacement price | Price effective from | Koha item type |
|---|---|---|---|---|---|---|---|---|---|---|---|---|---|---|---|---|
| Central Library | Central Library | 19/09/2015 | Cen Lib/Ret | 0.00 | 920 मिश्रभ | B-175225 | 19/09/2015 | 1 | 0.00 | 19/09/2015 | Hindi Books |
